| 000 | 00831nas a2200265 4500 | ||
|---|---|---|---|
| 001 | BR7306132 | ||
| 003 | BR-BrBNA | ||
| 005 | 20231205082559.0 | ||
| 007 | ta | ||
| 008 | 230509b bl.|||p| |||| 00| 00por d | ||
| 040 |
_aBR-BrBNA _bpor _cBiblioteca Nacional de Agricultura |
||
| 041 | _a(Pt) | ||
| 072 | _aL40 | ||
| 100 | 1 | _aBorelli, V. | |
| 100 | 1 | _aFernandes Filho, A. | |
| 100 | 1 | _aFerreira, N. | |
| 100 | 1 | _aHigashi, H. | |
| 245 | 1 | _aComprimento total do intestino em Bubalus bubalis (Linnaeus - 1758)[bufalo] | |
| 650 | _aANATOMIA ANIMAL | ||
| 650 | _aBUFALO | ||
| 650 | _aINTESTINO | ||
| 773 | 0 |
_tRevista da Faculdade de Medicina Veterinaria e Zootecnia da Universidade de Sao Paulo (Brazil) _xISSN 0303-7525 _g(1975), v. 12 p. 33-40 _wBR7306132 |
|
| 909 |
_a202311 _bLúcia _c55 _dLúcia Elande |
||
| 942 |
_2AGRIS _n0 _cANA |
||
| 999 |
_c92982 _d92982 |
||